| 000 | 06323nam a22005297a 4500 | ||
|---|---|---|---|
| 005 | 20101206113148.0 | ||
| 008 | 101206t xxu||||| |||| 00| 0 hin d | ||
| 010 | _aHIN-93218 B-480188-205 | ||
| 020 |
_c400.00 _a9788171247233 |
||
| 035 | _aHN-65564 B-480188-205 | ||
| 037 | _bDBAD/PUB | ||
| 037 | _bविर्चुअस पब्लिकेशंस | ||
| 040 |
_aDPL _bHN |
||
| 082 | _a780.9 | ||
| 100 |
_924598 _aजयदेव सिंह |
||
| 245 |
_aभारतीय संगीत का इतिहास / _cस्व. डॉ.ठाकुर जयदेव सिंह; प्रेमलता शर्मा द्वारा संपादित |
||
| 246 |
_aBharatiya sangita ka Itihasa _bby Jaidev Singh |
||
| 250 | _a2रा संस्क. | ||
| 260 |
_aवाराणसी _bविश्वविद्यालय प्रकाशन _c2010 |
||
| 270 |
_bवाराणसी _aपो.बॉ 1149, विशालाक्षी भवन, चौक _e221001 _k0542- 2413741 _msales@vvpbooks.com |
||
| 300 |
_axix,416पृ. _c22सेमी (सजिल्द) |
||
| 650 | _91169 | ||
| 650 | _929580 | ||
| 700 |
_924599 _aशर्मा, प्रेमलता |
||
| 700 | _924924 | ||
| 942 |
_2ddc _cHN _mजयदे _h780.9 |
||
| 999 |
_c53922 _d53922 |
||